Optimization methods / (Record no. 17473)
[ view plain ]
| 000 -LEADER | |
|---|---|
| fixed length control field | 01234cam a22002295a 4500 |
| 001 - CONTROL NUMBER | |
| control field | 17351212 |
| 005 - DATE AND TIME OF LATEST TRANSACTION | |
| control field | 20130516130956.0 |
| 008 - FIXED-LENGTH DATA ELEMENTS--GENERAL INFORMATION | |
| fixed length control field | 120618s2012 nyu 000 0 eng |
| 010 ## - LIBRARY OF CONGRESS CONTROL NUMBER | |
| LC control number | 2012942258 |
| 020 ## - INTERNATIONAL STANDARD BOOK NUMBER | |
| International Standard Book Number | 9783642311864 |
| 082 ## - DEWEY DECIMAL CLASSIFICATION NUMBER | |
| Edition number | 22 |
| Classification number | 620.0042 |
| Item number | CAV |
| 100 ## - MAIN ENTRY--PERSONAL NAME | |
| Personal name | Cavazzuti, Marco. |
| 9 (RLIN) | 33215 |
| 245 00 - TITLE STATEMENT | |
| Title | Optimization methods / |
| Statement of responsibility, etc | Marco Cavazzuti. |
| 260 ## - PUBLICATION, DISTRIBUTION, ETC. (IMPRINT) | |
| Place of publication, distribution, etc | New York : |
| Name of publisher, distributor, etc | Springer, |
| Date of publication, distribution, etc | 2012. |
| 300 ## - PHYSICAL DESCRIPTION | |
| Extent | xviii, 262 p. : |
| Other physical details | ill. ; |
| Dimensions | 24 cm. |
| 505 ## - FORMATTED CONTENTS NOTE | |
| Formatted contents note | Part 1. Optimization theory -- Design of Experiments -- Response Surface Modelling -- Deterministic Optimization -- Stochastic Optimization -- Robust Design Analysis -- Part 2. Applications -- General Guidelines: How to Proceed in an Optimization Exercise -- A Forced Convection Application: Surface Optimization for Enhanced Heat Transfer -- A Natural Convection Application: Optimization of Rib Roughened Chimneys -- An Analytical Application: Optimization of a Stirling Engine Based on the Schmidt Analysis and on the Adiabatic Analysis -- Conclusions. |
| 650 ## - SUBJECT ADDED ENTRY--TOPICAL TERM | |
| Topical term or geographic name as entry element | Engineering design |
| General subdivision | Mathematics. |
| 9 (RLIN) | 33216 |
| 650 ## - SUBJECT ADDED ENTRY--TOPICAL TERM | |
| Topical term or geographic name as entry element | Mechanics, Applied. |
| 9 (RLIN) | 33217 |
| 650 ## - SUBJECT ADDED ENTRY--TOPICAL TERM | |
| Topical term or geographic name as entry element | Engineering design |
| General subdivision | Mathematics. |
| 9 (RLIN) | 33218 |
| 653 ## - INDEX TERM--UNCONTROLLED | |
| Resource For college | |
| Arrived date list | May2013 |
| 942 ## - ADDED ENTRY ELEMENTS (KOHA) | |
| Source of classification or shelving scheme | Dewey Decimal Classification |
| Item type | Book - Borrowing |
| Withdrawn status | Item status | Source of classification or shelving scheme | Damaged status | Not for loan | Vendor | Home library | Current library | Shelving location | Date acquired | Source of acquisition | Cost, normal purchase price | Serial Enumeration / chronology | Total Checkouts | Full call number | Barcode | Date last seen | Cost, replacement price | Koha item type |
|---|---|---|---|---|---|---|---|---|---|---|---|---|---|---|---|---|---|---|
| Dewey Decimal Classification | Baccah | Central Library | Central Library | First floor | 16/05/2013 | 1180.00 | 17733 | 620.0042 CAV | 000028744 | 15/07/2025 | 1475.00 | Book - Borrowing |